Európska integrácia a Nórsko bakalárska práca

Uložené v:
Podrobná bibliografia
Hlavný autor: Sivčová, Andrea
Korporativný autor: Fakulta medzinárodných vzťahov EU. Katedra medzinárodných ekonomických vzťahov a hospodárskej diplomacie
Ďalší autori: Fodorová, Veronika
Médium: Kniha
Jazyk:Slovak
Vydavateľské údaje: Bratislava 2013
Tagy: Pridať tag
Žiadne tagy, Buďte prvý, kto otaguje tento záznam!

MARC

LEADER 00000nbm a2200000 4500
001 0172725
005 20161109112113.5
041 0 |a slo 
044 |a SK 
245 1 0 |a Európska integrácia a Nórsko  |b bakalárska práca  |c Andrea Sivčová ; školiteľ: Veronika Fodorová 
264 1 |a Bratislava  |c 2013 
300 |a 49 s. 
100 1 |a Sivčová, Andrea 
700 1 |a Fodorová, Veronika 
710 2 |a Fakulta medzinárodných vzťahov EU. Katedra medzinárodných ekonomických vzťahov a hospodárskej diplomacie